000 00605nam a2200181 4500
003 LK-CoMWRAF
005 20231214135221.0
008 231214b |||||||| |||| 00| 0 eng d
020 _a9789551302177
040 _aLK-CoMWRAF
_dLK-CoMWRAF
_eLK-CoMWRAF
041 _asin
082 _a323
_bSRI
245 _aශ්‍රී ලංකාවේ භාෂා අයිතිවාසිකම්
246 _aSri Lankawe bhasha aithiwasikam
260 _aකොළඹ :
_bනීතිය හා සමාජ භාරය
_c2008
700 _aස්කන්දකුමාර්, බී
_eed.
942 _cBK
999 _c4451
_d4451